Ivan Albright / (Record no. 26811)

000 -LEADER
fixed length control field 01644cam a2200361 a 4500
001 - CONTROL NUMBER
control field 3527284
003 - CONTROL NUMBER IDENTIFIER
control field OSt
005 - DATE AND TIME OF LATEST TRANSACTION
control field 20170206122249.0
008 - FIXED-LENGTH DATA ELEMENTS--GENERAL INFORMATION
fixed length control field 961119s1997 ilua b 000 0 eng
010 ## - LIBRARY OF CONGRESS CONTROL NUMBER
LC control number 96049866
020 ## - INTERNATIONAL STANDARD BOOK NUMBER
International Standard Book Number 1555951368 (hc)
020 ## - INTERNATIONAL STANDARD BOOK NUMBER
International Standard Book Number 0865591423 (sc)
040 ## - CATALOGING SOURCE
Original cataloging agency DLC
Transcribing agency DLC
Modifying agency DLC
050 00 - LIBRARY OF CONGRESS CALL NUMBER
Classification number N6537.A437A4 1997
082 00 - DEWEY DECIMAL CLASSIFICATION NUMBER
Classification number 709/.2
Edition number 21
100 1# - MAIN ENTRY--PERSONAL NAME
Personal name Donnell, Courtney Graham.
Dates associated with a name 1997-
245 10 - TITLE STATEMENT
Title Ivan Albright /
Statement of responsibility, etc. organized by Courtney Graham Donnell ; with contributions by Courtney Graham Donnell, Susan S. Weininger, and Robert Cozzolino ; edited by Susan F. Rossen.
250 ## - EDITION STATEMENT
Edition statement 1st ed.
260 ## - PUBLICATION, DISTRIBUTION, ETC. (IMPRINT)
Place of publication, distribution, etc. [Chicago] :
Name of publisher, distributor, etc. Art Institute of Chicago ;
Place of publication, distribution, etc. New York :
Name of publisher, distributor, etc. Distributed by Hudson Hills Press,
Date of publication, distribution, etc. 1997.
300 ## - PHYSICAL DESCRIPTION
Extent 208 p. :
Other physical details ill. (some col.) ;
Dimensions 31 cm.
500 ## - GENERAL NOTE
General note Includes bibliographical references .
600 10 - SUBJECT ADDED ENTRY--PERSONAL NAME
Personal name Albright, Ivan,
Dates associated with a name 1897-1983
Form subdivision Exhibitions.
700 1# - ADDED ENTRY--PERSONAL NAME
Personal name Weininger, Susan.
700 1# - ADDED ENTRY--PERSONAL NAME
Personal name Cozzolino, Robert, 1970-
700 1# - ADDED ENTRY--PERSONAL NAME
Personal name Rossen, Susan F.
710 2# - ADDED ENTRY--CORPORATE NAME
Corporate name or jurisdiction name as entry element Art Institute of Chicago.
710 2# - ADDED ENTRY--CORPORATE NAME
Corporate name or jurisdiction name as entry element Metropolitan Museum of Art (New York, N.Y.)
906 ## - LOCAL DATA ELEMENT F, LDF (RLIN)
a 7
b cbc
c orignew
d 1
e ocip
f 19
g y-gencatlg
942 ## - ADDED ENTRY ELEMENTS (KOHA)
Source of classification or shelving scheme
Koha item type Hard Covered Materials
Classification part N6537.A437A4 1997
Call number prefix 33851
Holdings
Withdrawn status Lost status Source of classification or shelving scheme Damaged status Not for loan Home library Current library Shelving location Date acquired Source of acquisition Total Checkouts Full call number Barcode Date last seen Price effective from Koha item type
          MACHAKOS UNIVERSITY LIBRARY MACHAKOS UNIVERSITY LIBRARY Open shelf 06/02/2017 Donation(BFA)   N6537.A437A4 1997 33851 06/02/2017 06/02/2017 Hard Covered Materials
© Machakos University Library, Along The Highway, Machakos Wote Rd, Machakos, Kenya P.O. Box 136 - 90100 Machakos - Kenya

Tel: ( +254 ) 723 805829 OR Fax : 044-20353 OR Email: library@mksu.ac.ke